| 000 | 00000nam##2200000za#4500 |
| 001 | 9.604060 |
| 003 | CaOODSP |
| 005 | 20260128153024 |
| 007 | cr ||||||||||| |
| 008 | 150406|2007||||xxc|||||o f|0| 0 fre|d |
| 022 | |a1488-545X |
| 040 | |aCaOODSP|bfre |
| 043 | |an-cn--- |
| 086 | 1 |aFs97-6/2696F-PDF |
| 110 | 2 |aInstitut Maurice-Lamontagne. |
| 245 | 10|aEssais de 12 modèles de casiers de pêche au buccin commun (Buccinum undatum) en milieu naturel et observations comportementales en bassin / |h[ressource électronique]|c[par] Michel Giguère, Sylvie Brulotte et Sophie Brillon. |
| 260 | |aMont-Joli - Québec : |bPêches et Océans Canada. |cc2007. |
| 300 | |a46p.|bgraphiques, cartes, références, tableaux, photographies |
| 490 | 1 |aRapport technique canadien des sciences halieutiques et aquatiques|x1488-545X|vN° 2696 |
| 500 | |aLe n° de catalogue (Fs97-6/2696F) de l'édition imprimée a été incorrectement copié dans cette édition électronique. |
| 546 | |a(Abstract in English) |
| 590 | |a12-24-Supp|b2012-05-30 |
| 720 | 1 |aGiguère, Michel |
| 720 | 1 |aBrulotte, Sylvie |
| 720 | 1 |aBrillon, Sophie |
| 776 | 0#|tEssais de 12 modèles de casiers de pêche au buccin commun (Buccinum undatum) en milieu naturel et observations comportementales en bassin / |w(CaOODSP)9.627455 |
| 830 | #0|aRapport technique canadien des sciences halieutiques et aquatiques,|x1488-545X|vN° 2696|w(CaOODSP)9.500867 |
| 856 | 40|ahttp://publications.gc.ca|qPDF|s582 Ko|uhttps://publications.gc.ca/collections/collection_2012/mpo-dfo/Fs97-6-2696-fra.pdf|yN° 2696 |